000 00735nam a2200181Ia 4500
003 IN-BaIIA
008 211028s9999 xx 000 0 eng d
040 _cIIA Library
080 _a524.5-655(082.1)
_bGAL
111 _aWorkshop on Galactic Foreground Polarization
_cBonn, Germany
_d1998 Sep. 7-9
_924052
245 0 _aGalactic foreground polarization
_bproceedings of a workshop on galactic foreground polarization, held in Bonn, Germany, 7-9 Sept 1998
_cedited by Elly M. Berkhuijsen
260 _aGermany
_bMax-Plank-Institut fur Radioastronomie
_c1999
300 _a]iv, 63p.
650 _aGalaxy
_93368
650 _aPolarization
_95652
700 _aBerkhuijsen, Elly M., ed.
_910758
942 _cBK
999 _c13690
_d13690